00714nam a2200181 i 450000100060000000300090000600500170001500700030003200800410003524501800007625000150025626000390027130000220031070000290033285200320036199900170039395201220041055660ES-MaACL20230906163205.0t|030924s1967 sp ||||1| cat d00aDesti del món b: vocació de l'home ; text integre de la Constitució Pastoral sobre l'Esglesia en el món d'avui / ccomentaris i notes de Casimir Martí ... [et al.]. a[1ª ed.]. aBarcelona : bNova Terra, c[1967] a305 p. ; c19 cm.1 aMartí, Casimir.977182 aES-MaACLjC-32642 bR.63002 c55660d55660 00104070aATENEOMbATENEOMcDEPO2d2008-01-17eSCl0oC-32642p1058473r2023-02-23 00:00:00w2023-02-23yMONOGRAFIA